ბათუმის შოთა რუსთაველის სახელმწიფო უნივერსიტეტის ბიბლიოთეკა

სიტყვის-კონა იმერულ და რაჭულ თქმათა = Грузинскiй (картскiй) глоссарiй по имерскому и рачинскому говорамь / (ბიბ.ჩანაწერი № 60350)

000 -ლიდერი
ფიქსირებული სიგრძის საკონტროლო ველი 01206nam a22001937a 4500
003 - საკონტროლო ნომრის იდენტიფიკატორი
საკონტროლო ველი Ge_BSU
005 - ბოლო ოპერაციის თარიღი და დრო
საკონტროლო ველი 20230703102353.0
008 - ფიქსირებული სიგრძის მონაცემთა ელემენტები - ზოგადი ინფორმაცია
ფიქსირებული სიგრძის საკონტროლო ველი 230703s1912ge xxu||||| |||| 00| 0 geo d
041 ## - ენის კოდი
Language code of text/sound track or separate title geo
080 ## - უნივერსალური ათობითი კლასიფიკაციის ინდექსი
Universal Decimal Classification number 81'374(038)=353.1'282 ბ-52
100 ## - მთავარი ჩანაწერი - პიროვნების სახელი
Personal name ბერიძე, ვუკოლ, ავტორი.
9 (RLIN) 19131
245 ## - ცნობა სათაურის შესახებ
Title სიტყვის-კონა იმერულ და რაჭულ თქმათა = Грузинскiй (картскiй) глоссарiй по имерскому и рачинскому говорамь /
Statement of responsibility, etc ვ. ბერიძე.
264 ## - წარმოების, გამოცემის, დისტრიბუციის და სხვა ცნობები
გამოცემის, წარმოების, დისტრიბუციის... ადგილი С.-Петербургъ, - [თბილისი]
გამოცემის, წარმოების, დისტრიბუციის... სახელწოდება მეცნიერება,
გამოცემის, წარმოების, დისტრიბუციის... თარიღი 1912-1986.
300 ## - ფიზიკური აღწერა
Extent VII, 76 გვ. ;
Other physical details 22 სმ.
440 ## - სერიის ცნობა / დამატებულია ჩანაწერი - სათაური
Title Матерiалы по яфетическому языкознанiю, VI
9 (RLIN) 19132
500 ## - ზოგადი შენიშვნა
General note თავფურცელი და ტექსტი ქართულ, რუსულ ენებზე.
თედო სახოკიას კოლექციიდან, ვახტანგ ბერიძის მინაწერით. K
653 ## - INDEX TERM--UNCONTROLLED
Uncontrolled term ქართული ენის დიალექტები
942 ## - ADDED ENTRY ELEMENTS (KOHA)
Source of classification or shelving scheme
Koha item type წიგნი
ეგზემპლარები
ჩამოწერის სტატუსი დაკარგული ეგზემპლარის სტატუსი კლასიფიკაციის წყარო ან თაროზე გაწყობის სქემა დაზიანების სტატუსი არ გაიცემა მუდმივი მდებარეობა (დაცვის ადგილი) ამჟამინდელი ადგილსამყოფელი თაროზე განთავსების ადგილი შეძენის თარიღი ღირებულება, შესყიდვის ნორმალური ფასი სრული შენახვის შიფრი შტრიხკოდი ბოლო ოპერაციის თარიღი ეგზემპლარის მიმდევრობითი ნომერი (კეტერი?) Uniform Resource Identifier ფასის ძალაში შესვლის თარიღი ეგზემპლარის სახეობა საჯარო შენიშვნა
          ბათუმის შოთა რუსთაველის სახელმწიფო უნივერსიტეტის მთავარი ბიბლიოთეკა ბათუმის შოთა რუსთაველის სახელმწიფო უნივერსიტეტის მთავარი ბიბლიოთეკა წიგნსაცავი 2023-07-03 4.00 81'374(038)=353.1'282 ბ-52 64853 2023-07-03 64853 ბსუ-ს საპატიო დოქტორის გურამ ლორთქიფანიძის საჩუქარი 2023-07-03 წიგნი 4.00